Statystyki dla Quiz o Malediwach

Kliknij tutaj aby rozwiązać quiz!

Ogólne statystyki

  • Ten quiz został rozwiązany 1 669 razy
  • Średni wynik to 8 z 13

Statystyki odpowiedzi

WskazówkaOdpowiedź% Poprawnych
StolicaMale
88%
Akwen, w którym znajdują się MalediwyOcean Indyjski
81%
Główna religiaIslam
80%
Rodzaj klęski żywiołowej, która spustoszyła Malediwy w 2004 rokuTsunami
76%
Kraj, od którego Malediwy uzyskały niepodległość w 1965 rokuWielka Brytania
74%
Religia dominująca wcześniej, od III wieku p.n.e. aż do 1200 rokuBuddyzm
67%
Malediwy zjadają więcej tego typu zwierząt niż jakikolwiek inny kraj na osobęRyby
67%
Branża, która odpowiada za 60% wpływów walutowychTurystyka
59%
Malediwy ma najniższą średnią ______ ze wszystkich krajówWysokość
49%
Malediwy składają się z 26 tego typu wysp, czyli rafy koralowej otaczającej lagunęAtol
45%
Język urzędowyJęzyk {malediwski}
37%
Z tego powodu Malediwy są często uważane za kraj, który
jest najbardziej zagrożony przez to zjawisko
Globalne ocieplenie
31%
W starożytności Malediwy zapewniały ich dużą liczbę, które były
używane jako waluta w niektórych częściach świata
Muszelki
24%

Rozkład punktacji

Percentyl według liczby udzielonych odpowiedzi

Procent ludzi z każdym wynikiem

Twoja historia wyników

Nie rozwiązałeś tego quizu